000 00567nam a2200181 i 4500
001 28050
003 ES-MaACL
005 20230906153742.0
007 t|
008 030116s1877 gw ||||1| eng d
100 1 _aBaillie Grohman, W. A.
_924707
245 1 0 _aTyrol and the tyrolese
_b: the people and the land in their social sporting and mountaineeving aspects /
_cby W. A. Baillie Grohman.
250 _aEd. copyngth.
260 _aLeipzig :
_bBern Tauchintz,
_c1877.
300 _a278 p. ;
_c16 cm.
651 4 _aTirol.
_9165351
852 _aES-MaACL
_jG-12450
999 _c28050
_d28050